Länder mit den gleichen Grenzen - Statistiken

Allgemein
  • Dieses Quiz wurde 116 mal gespielt
  • Das Durchschnittsergebnis liegt bei 4 aus 10
Antwortstatistiken
Antwort % Korrekt
Nepal
62%
Bhutan
58%
San Marino
53%
Vatikanstadt
53%
Jemen
42%
Vereinigte Arabische Emirate
40%
Finnland
38%
Norwegen
38%
Papua-Neuguinea
26%
Osttimor
23%
Keine übereinstimmenden Quizze gefunden
Verteilung der Resultate
Anzahl Personen mit jedem Resultat
Perzentil nach korrekt beantworteten Fragen
Ihre Resultats-Entwicklung
Sie haben dieses Quiz noch nicht gespielt